000 00573nam a22001697a 4500
003 MACL
005 20160522131956.0
008 160522b xxu||||| |||| 00| 0 eng d
040 _cMACL
041 _aHindi
082 _a891.433 MAN
100 _aमंटो, सअादत हसन
_958775
245 _aसौ कैंडल पावर का बल्‍ब
_cसआदत हसन मंटो
260 _aनई दिल्‍ली
_bसुरूचि साहित्‍य
_c2012
650 _aकहानियॉ
_957133
942 _2ddc
_cHIN
999 _c54064
_d54064